Charlie bone and the time twister / (Record no. 3312)

MARC details
000 -LEADER
fixed length control field 01166nam a22002417a 4500
001 - CONTROL NUMBER
control field 3312
003 - CONTROL NUMBER IDENTIFIER
control field FISKH
005 - DATE AND TIME OF LATEST TRANSACTION
control field 20240227093115.0
008 - FIXED-LENGTH DATA ELEMENTS--GENERAL INFORMATION
fixed length control field 240227b cb ||||| |||| 00| 0 eng d
040 ## - CATALOGING SOURCE
Original cataloging agency FISK
Language of cataloging eng
Transcribing agency FISK
Modifying agency FISK
050 ## - LIBRARY OF CONGRESS CALL NUMBER
Classification number PZ7.N5897
082 ## - DEWEY DECIMAL CLASSIFICATION NUMBER
Classification number 823.914
100 ## - MAIN ENTRY--PERSONAL NAME
Personal name Nimmo Jenny :
Dates associated with a name 1944
245 ## - TITLE STATEMENT
Title Charlie bone and the time twister /
Statement of responsibility, etc. Jenny Nimmo
260 ## - PUBLICATION, DISTRIBUTION, ETC.
Place of publication, distribution, etc. New York :
Name of publisher, distributor, etc. Jenny Nimmo,
Date of publication, distribution, etc. 2003
300 ## - PHYSICAL DESCRIPTION
Extent 402 pages :
Other physical details 20 cm :
490 ## - SERIES STATEMENT
Materials specified Children of the red king
Series statement Book 2
501 ## - WITH NOTE
With note M
520 ## - SUMMARY, ETC.
Summary, etc. In January 1916 Henry Yewbeam and his younger brother, James, have been sent to stay with their cousins at the Bloor's Academy. It is one of the coldest days of the year, and all Henry wants to do is hide from his mean cousins and play marbles. He finds a nice, long hall and begins to roll his marbles. Then he discovers a marble that doesn't look familiar to him. Suddenly a series of strange events takes place. Henry begins to disappear. He quickly scribbles on the floor Give The Marble To James, and then he vanishes from the year 1916.
521 8# - TARGET AUDIENCE NOTE
Target audience note 650
Source M
700 ## - ADDED ENTRY--PERSONAL NAME
Personal name Jenny Nimmo
942 ## - ADDED ENTRY ELEMENTS (KOHA)
Source of classification or shelving scheme Dewey Decimal Classification
Koha item type Books
Suppress in OPAC No
Holdings
Withdrawn status Lost status Source of classification or shelving scheme Damaged status Not for loan Collection Home library Current library Shelving location Date acquired Total Checkouts Full call number Barcode Date last seen Copy number Price effective from Koha item type
    Dewey Decimal Classification     Fiction Footprints International School Library Network Toul Kork Campus Footprints International School Library Network Toul Kork Campus   02/27/2024   NIM PZ7.N5897 823.914 2024-0117 02/27/2024 1 02/27/2024 Books